[Event "Wuerttemberg-ch Seniors 15th"]
[Site "Ellwangen"]
[Date "2003.04.19"]
[Round "9"]
[White "Schlierf, Siegfried"]
[Black "Betz, Egon"]
[Result "0-1"]
[WhiteElo "1929"]
[BlackElo "1888"]
[PlyCount "66"]
[EventDate "2003.04.??"]
[EventType "swiss"]
[EventRounds "9"]
[EventCountry "GER"]
[SourceTitle "EXT 2006"]
[Source "ChessBase"]
[SourceDate "2005.11.24"]
[SourceVersion "1"]
[SourceVersionDate "2005.11.24"]
[SourceQuality "1"]

1. Nf3 f5 2. d3 d6 3. Nbd2 Nf6 4. g3 g6 5. Bg2 Bg7 6. 0-0 0-0 7. c3 c6 8. e4 Qc7 9. Re1 e5 10. Qc2 h6 11. Nf1 fxe4 12. dxe4 Be6 13. Nh4 Qf7 14. b3 Na6 15. Ba3 Rad8 16. Rad1 c5 17. Ne3 Ng4 18. Nxg4 Bxg4 19. Rd3 Nc7 20. h3 Bc8 21. Red1 g5 22. Rf3 Qh5 23. Rxf8+ Rxf8 24. Nf5 Bxf5 25. exf5 g4 26. hxg4 Qxg4 27. Be4 Nb5 28. Bc1 Nxc3 29. Re1 Nxe4 30. Rxe4 Qxf5 31. Qc4+ Qf7 32. Qe2 Qf3 33. Qc4+ Kh8 0-1

[Event "Wuerttemberg-ch Seniors 15th"]
[Site "Ellwangen"]
[Date "2003.04.14"]
[Round "4"]
[White "Schlierf, Siegfried"]
[Black "Lainburg, Victor"]
[Result "0-1"]
[WhiteElo "1929"]
[BlackElo "2093"]
[PlyCount "58"]
[EventDate "2003.04.??"]
[EventType "swiss"]
[EventRounds "9"]
[EventCountry "GER"]
[SourceTitle "EXT 2006"]
[Source "ChessBase"]
[SourceDate "2005.11.24"]
[SourceVersion "1"]
[SourceVersionDate "2005.11.24"]
[SourceQuality "1"]

1. Nf3 d5 2. g3 Nc6 3. d3 e5 4. Bg2 Be6 5. 0-0 f6 6. Nbd2 Qd7 7. Re1 0-0-0 8. c3 e4 9. Nd4 Nxd4 10. cxd4 exd3 11. e3 Bf5 12. Nb3 h5 13. Bd2 h4 14. f3 hxg3 15. hxg3 Bd6 16. Kf2 c6 17. Rh1 Ne7 18. f4 Be4 19. Qf1 g5 20. Nc1 Qf5 21. Bh3 g4 22. Bg2 Ng6 23. Nb3 Rxh1 24. Qxh1 Rh8 25. Bxe4 dxe4 26. Qg2 Ne7 27. Rh1 Rh3 28. Rc1 Qh7 29. Kg1 Nf5 0-1